Arte, poesía, anarquísmo
Uloženo v:
| Hlavní autor: | |
|---|---|
| Médium: | Kniha |
| Jazyk: | španělština |
| Vydáno: |
Buenos Aires
Reconstruir
1962
|
| Vydání: | 2a. ed |
| Edice: | Radar, 8
|
| Témata: | |
| Tagy: |
Přidat tag
Žádné tagy, Buďte první, kdo vytvoří štítek k tomuto záznamu!
|
MARC
| LEADER | 00000nam a2200000 a 4500 | ||
|---|---|---|---|
| 001 | UCW8448 | ||
| 003 | CL-VaPUC | ||
| 008 | 880908e19620000AG |||||||||||||||||spa|d | ||
| 082 | 0 | 4 | |a 701 |b REA |2 21 |
| 100 | 0 | |a Read, Herbert Edward |e author |9 313623 | |
| 245 | 1 | 0 | |a Arte, poesía, anarquísmo |
| 250 | |a 2a. ed | ||
| 300 | |a 95 p | ||
| 942 | |c BK | ||
| 945 | |d 19880908 00:00:00 | ||
| 260 | |a Buenos Aires |b Reconstruir |c 1962 | ||
| 650 | 7 | |a POLITICA EN EL ARTE |2 CL-VaPUC |9 306703 | |
| 650 | 0 | |a Anarquismo |9 269177 | |
| 583 | |a last modification |c 19880908 00:00:00 |k Rodrigo Vera | ||
| 490 | 0 | |a Radar, 8 | |
| 999 | |c 220817 |d 220815 | ||
| 952 | |0 0 |1 0 |4 0 |6 701_000000000000000_REA_1962 |7 0 |8 A |9 213523 |a BIBHIS |b BIBHIS |d 2019-11-15 |i 2818639 |l 1 |o 701 REA 1962 |p 2818639 |r 2025-01-20 |s 2023-05-15 |w 2019-11-15 |y BK |k HIS | ||